| 000 | 00754nam a2200217 4500 | ||
|---|---|---|---|
| 001 | 86506 | ||
| 003 | BD-RjUL | ||
| 005 | 20260518142408.0 | ||
| 008 | 260518s1958 pk ||||| |||| 00| 0 urd d | ||
| 035 | _a(BD-RjUL) 86506 | ||
| 040 |
_aBD-RjUL _beng _cBD-RjUL |
||
| 041 | _aurd | ||
| 082 |
_223 _a320.55 _bKHH 1958 |
||
| 100 |
_aخان، ابو یحییٰ امام ;; Khan, Abu Yahya Imam _918516 |
||
| 245 |
_aحضرت عمر کے سیاسی نظریے ;; hazrat amar ke siyasi nazariye / _cابو یحییٰ امام خان ;; Abu Yahya Imam Khan |
||
| 260 |
_a Lahor : _bGawsha i adab, _c1958 |
||
| 300 |
_a240 p. ; _c17 cm |
||
| 650 |
_aPolitical ideology _v Islam _918517 |
||
| 650 |
_aاسلامی حکومت و خلافت _918518 |
||
| 942 |
_2ddc _cBK |
||
| 999 |
_c86506 _d86506 |
||